| 000 | 00771cam a2200241 4500 | ||
|---|---|---|---|
| 008 | 000000n1999 000 0 eng u | ||
| 020 | _a1860812791 | ||
| 035 | _a(Sirsi) u100067 | ||
| 041 | _aENG | ||
| 050 | _a711.552 | ||
| 100 | _aPrior, Josephine J. | ||
| 245 | _aSustainable retail premises: an environmental guide to design, refurbishment and management of retail premises | ||
| 260 |
_aLondon _bConstruction Research Communications Ltd. _c1999 |
||
| 300 | _aviii,84p. ; 30cm. | ||
| 350 | _a33.57 | ||
| 650 | _aSHOPPING CENTRES | ||
| 650 | _aRETAIL MANAGEMENT | ||
| 650 | _aGREEN BUILDINGS | ||
| 650 | _aENERGY EFFICIENT BUILDINGS | ||
| 690 | _aPROPERTY-COMMERCIAL PROPERTY-RETAIL PROPERTY | ||
| 710 | _aBuilding Research Establishment | ||
| 942 | _n0 | ||
| 999 |
_c99574 _d99574 |
||